К вопросу преемственности и качества технического образования; Инженерное образование; № 11
| Parent link: | Инженерное образование: электронный научный журнал/ Ассоциация инженерного образования России (АИОР).— : [Б. и.], 2003-.— 1810-2883 № 11.— 2012.— [С. 169-172] |
|---|---|
| Hovedforfatter: | |
| Institution som forfatter: | |
| Summary: | Заглавие с титульного листа В статье говорится о необходимости введения в дисциплины естественнонаучного цикла тем и задач, связанных со спецификой подготовки инженеров и возможности подготовки по индивидуальной траектории талантливых студентов средних учебных заведений. The paper deals with the need to include topics on specifics of engineering training in the natural science courses, as well as providing opportunities for individual training trajectory for talented students in secondary schools. |
| Sprog: | russisk |
| Udgivet: |
2012
|
| Serier: | Материалы Общероссийской научно-практической конференции "Подходы к формированию национальной доктрины инженерного образования России в условиях новой индустриализации" (4-6 декабря 2012 года, г. Томск) Методы и средства, используемые при подготовке специалистов в области техники и технологий |
| Fag: | |
| Online adgang: | https://old.aeer.ru/files/io/m11/art_37.pdf |
| Format: | MixedMaterials Electronisk Book Chapter |
| KOHA link: | https://koha.lib.tpu.ru/cgi-bin/koha/opac-detail.pl?biblionumber=517627 |
MARC
| LEADER | 00000naa2a2200000 4500 | ||
|---|---|---|---|
| 001 | 517627 | ||
| 005 | 20250520165321.0 | ||
| 035 | |a (RuTPU)RU\TPU\prd\195781 | ||
| 035 | |a RU\TPU\prd\195779 | ||
| 090 | |a 517627 | ||
| 100 | |a 20130917d2012 k y0rusy50 ca | ||
| 101 | 0 | |a rus | |
| 102 | |a RU | ||
| 135 | |a drnn ---uucaa | ||
| 181 | 0 | |a i | |
| 182 | 0 | |a b | |
| 200 | 1 | |a К вопросу преемственности и качества технического образования |b Электронный ресурс |f Е. П. Апросимова | |
| 203 | |a Текст |c электронный | ||
| 215 | |a 1 файл (99 Кб) | ||
| 225 | 1 | |a Материалы Общероссийской научно-практической конференции "Подходы к формированию национальной доктрины инженерного образования России в условиях новой индустриализации" (4-6 декабря 2012 года, г. Томск) | |
| 225 | 1 | |a Методы и средства, используемые при подготовке специалистов в области техники и технологий | |
| 230 | |a Электронные текстовые данные (1 файл : 99 Кб) | ||
| 300 | |a Заглавие с титульного листа | ||
| 320 | |a [Библиогр.: с. 172 (3 назв.)] | ||
| 330 | |a В статье говорится о необходимости введения в дисциплины естественнонаучного цикла тем и задач, связанных со спецификой подготовки инженеров и возможности подготовки по индивидуальной траектории талантливых студентов средних учебных заведений. | ||
| 330 | |a The paper deals with the need to include topics on specifics of engineering training in the natural science courses, as well as providing opportunities for individual training trajectory for talented students in secondary schools. | ||
| 337 | |a Adobe Reader | ||
| 461 | 1 | |0 (RuTPU)RU\TPU\prd\176632 |x 1810-2883 |t Инженерное образование |o электронный научный журнал |f Ассоциация инженерного образования России (АИОР) |n [Б. и.] |d 2003- | |
| 463 | 1 | |0 (RuTPU)RU\TPU\prd\194819 |t № 11 |v [С. 169-172] |d 2012 | |
| 610 | 1 | |a высшее профессиональное образование | |
| 610 | 1 | |a инженерное образование | |
| 610 | 1 | |a российское образование | |
| 610 | 1 | |a качество | |
| 610 | 1 | |a преемственность | |
| 610 | 1 | |a естественнонаучные дисциплины | |
| 610 | 1 | |a конференции | |
| 610 | 1 | |a электронный ресурс | |
| 700 | 1 | |a Апросимова |b Е. П. | |
| 712 | 1 | 2 | |a "Подходы к формированию национальной доктрины инженерного образования России в условиях новой индустриализации", общероссийская научно-практическая конференция |e Томск |f 2012 |
| 801 | 1 | |a RU |b 63413507 |c 20090623 |g PSBO | |
| 801 | 2 | |a RU |b 63413507 |c 20130917 |g PSBO | |
| 856 | 4 | |u https://old.aeer.ru/files/io/m11/art_37.pdf | |
| 942 | |c BK | ||